000 00293nam a22001217a 4500
008 180104b xxu||||| |||| 00| 0 eng d
041 _aeng
080 _a91
100 _a16
101 _aHIS
245 _aNICHOLAS KALDOR WITHFOREWORD BY SIR DOUGLAS
_cANNTHOMNY.TH.P
942 _2udc
_cBK
999 _c39683
_d39683